00614 a2200169 45000010006000000050017000060080041000230030015000640400040000790800035001192450043001542640045001973000019002425050153002610410008004141000022004225536320260407155827.0260407a1971 arg spa dAR-UNSa-BCEJYS aAR-UNSa-BCEJYSbspacAR-UNSa-BCEJYS a330.34xDesarrollo Económico10aLa teoría económica del desarrollo 1aBuenos Aires :bAmorrortu Editoresc1971 a493 p.c23 cm. a1. El proceso del desarrollo económico - 2. Causas del aumento de la productividad - 3. Recursos para inversión - 4. La asignación de recursos aspa1 aHagen, Everett E.